[Event "DEN-ch Seniors 65"]
[Site "Aalborg"]
[Date "2022.02.25"]
[Round "6"]
[White "Moestrup, Jorn"]
[Black "Skovgaard, Tom"]
[Result "1/2-1/2"]
[WhiteElo "1948"]
[BlackElo "1936"]
[PlyCount "69"]
[EventDate "2022.02.20"]
[EventType "swiss"]
[EventRounds "7"]
[EventCountry "DEN"]
[SourceTitle "EXT 2024"]
[Source "ChessBase"]
[SourceDate "2023.10.10"]
[SourceVersion "1"]
[SourceVersionDate "2023.10.10"]
[SourceQuality "1"]

1. Nf3 d5 2. d4 Nf6 3. c4 e6 4. Nc3 Be7 5. Bg5 Nbd7 6. e3 h6 7. Bh4 0-0 8. Qc2 c5 9. Rd1 b6 10. cxd5 Nxd5 11. Bxe7 Qxe7 12. Nxd5 exd5 13. dxc5 Nxc5 14. Be2 Be6 15. 0-0 Rac8 16. Rd4 a5 17. Bb5 Rc7 18. Qe2 Rfc8 19. Rdd1 Ne4 20. Nd4 Rc5 21. Bd3 Nf6 22. h3 Bd7 23. Qf3 R8c7 24. Kh1 Be6 25. Rg1 Nd7 26. Qg3 Nf6 27. f3 Rc8 28. Qf2 Re8 29. Rde1 Nd7 30. f4 Nf6 31. f5 Bd7 32. g4 Ne4 33. Qg2 Qh4 34. Bxe4 Rxe4 35. Qg3 1/2-1/2

[Event "DEN-ch Seniors 65"]
[Site "Aalborg"]
[Date "2022.02.23"]
[Round "4"]
[White "Moestrup, Jorn"]
[Black "Falberg, Hugo"]
[Result "1-0"]
[WhiteElo "1948"]
[BlackElo "1782"]
[PlyCount "105"]
[EventDate "2022.02.20"]
[EventType "swiss"]
[EventRounds "7"]
[EventCountry "DEN"]
[SourceTitle "EXT 2024"]
[Source "ChessBase"]
[SourceDate "2023.10.10"]
[SourceVersion "1"]
[SourceVersionDate "2023.10.10"]
[SourceQuality "1"]

1. Nf3 f5 2. d3 d5 3. e4 dxe4 4. dxe4 Qxd1+ 5. Kxd1 fxe4 6. Ng5 Nc6 7. Bc4 Ne5 8. Bb3 Bg4+ 9. Ke1 0-0-0 10. Nc3 Nh6 11. Ngxe4 g6 12. h3 Bf5 13. f4 Nc6 14. g4 Bxe4 15. Nxe4 Nd4 16. Be3 Nxb3 17. axb3 a6 18. Ng5 Rd6 19. c3 Bg7 20. Ke2 e5 21. Rad1 Rxd1 22. Rxd1 exf4 23. Bxf4 Bf6 24. Ne4 Re8 25. Kf3 Bg7 26. Ng5 Re7 27. Rd2 Nf7 28. Nxh7 Ne5+ 29. Kg3 Nc6 30. Ng5 Be5 31. Bxe5 Rxe5 32. h4 Na5 33. Kf4 Re1 34. Nf3 Re8 35. Kg5 Nxb3 36. Rh2 Re3 37. Nd2 Nxd2 38. Rxd2 Re6 39. h5 gxh5 40. gxh5 Re5+ 41. Kg6 Re6+ 42. Kf7 Re1 43. Rg2 b5 44. h6 a5 45. Rg5 c6 46. h7 Rh1 47. Rg8+ Kb7 48. h8Q Rxh8 49. Rxh8 b4 50. cxb4 axb4 51. Ke6 Kb6 52. b3 Kc5 53. Ke5 1-0

[Event "DEN-ch Seniors 65"]
[Site "Aalborg"]
[Date "2022.02.20"]
[Round "1"]
[White "Jensen, Bent Kiel"]
[Black "Moestrup, Jorn"]
[Result "0-1"]
[WhiteElo "1530"]
[BlackElo "1948"]
[PlyCount "66"]
[EventDate "2022.02.20"]
[EventType "swiss"]
[EventRounds "7"]
[EventCountry "DEN"]
[SourceTitle "EXT 2024"]
[Source "ChessBase"]
[SourceDate "2023.10.10"]
[SourceVersion "1"]
[SourceVersionDate "2023.10.10"]
[SourceQuality "1"]

1. d4 d5 2. c4 c6 3. cxd5 cxd5 4. Nf3 Nf6 5. Nc3 Bf5 6. Bf4 Nc6 7. e3 h6 8. Bd3 Bxd3 9. Qxd3 e6 10. 0-0 Be7 11. h3 a6 12. Rfc1 0-0 13. Ne5 Rc8 14. Na4 Nxe5 15. Bxe5 Nd7 16. Bg3 Qa5 17. Nc3 Qb4 18. Qd2 Rc4 19. b3 Rc6 20. Qd3 Rfc8 21. Ne2 Qa5 22. a4 b5 23. axb5 Rxc1+ 24. Rxc1 Rxc1+ 25. Nxc1 axb5 26. Qc2 Qe1+ 27. Kh2 Nf6 28. Nd3 Qf1 29. f3 Nh5 30. Bc7 Bg5 31. g4 Bxe3 32. Qg2 Qxd3 33. gxh5 Bxd4 0-1

[Event "DEN-ch Seniors 65+"]
[Site "Logumkloster"]
[Date "2017.02.16"]
[Round "5"]
[White "Hardlei, Kim"]
[Black "Moestrup, Jorn"]
[Result "0-1"]
[WhiteElo "1811"]
[BlackElo "2037"]
[PlyCount "84"]
[EventDate "2017.02.12"]
[EventType "swiss"]
[EventRounds "7"]
[EventCountry "DEN"]
[SourceTitle "EXT 2018"]
[Source "ChessBase"]
[SourceDate "2017.10.13"]
[SourceVersion "1"]
[SourceVersionDate "2017.10.13"]
[SourceQuality "1"]

1. e4 c5 2. Nc3 d6 3. Nf3 Nf6 4. Bb5+ Bd7 5. Bxd7+ Qxd7 6. d4 cxd4 7. Nxd4 g6 8. 0-0 Bg7 9. Bg5 Nc6 10. Nde2 0-0 11. Qd2 b5 12. a3 a5 13. Rab1 Rab8 14. Ng3 Rfc8 15. Rfe1 Ne5 16. Re2 Nc4 17. Qc1 Nxa3 18. Ra1 Nc4 19. Ra2 Ng4 20. Nd5 f6 21. h3 Nge5 22. Bh6 a4 23. Bxg7 Kxg7 24. f4 Nc6 25. f5 g5 26. Qd1 Qe8 27. Rf2 Qf7 28. Qg4 N4e5 29. Qd1 Rb7 30. b3 axb3 31. cxb3 Qe8 32. Ra6 Nb8 33. Nh5+ Kh8 34. Ndxf6 Qd8 35. Nxh7 Nxa6 36. Nxg5 Rbc7 37. Qd5 Qg8 38. Ne6 Rc1+ 39. Kh2 R1c2 40. Qd4 Kh7 41. Rxc2 Rxc2 42. Nhf4 Nf3+ 0-1

[Event "DEN-ch Seniors 65+"]
[Site "Logumkloster"]
[Date "2017.02.12"]
[Round "1"]
[White "Baagoe, Hans Chr"]
[Black "Moestrup, Jorn"]
[Result "1-0"]
[WhiteElo "1566"]
[BlackElo "2037"]
[PlyCount "89"]
[EventDate "2017.02.12"]
[EventType "swiss"]
[EventRounds "7"]
[EventCountry "DEN"]
[SourceTitle "EXT 2018"]
[Source "ChessBase"]
[SourceDate "2017.10.13"]
[SourceVersion "1"]
[SourceVersionDate "2017.10.13"]
[SourceQuality "1"]

1. d4 d5 2. c4 c6 3. e3 e6 4. Bd2 Nf6 5. Nf3 Nbd7 6. Nc3 Be7 7. Bd3 dxc4 8. Bxc4 b5 9. Bd3 Bb7 10. 0-0 a6 11. Ne4 Nxe4 12. Bxe4 Nf6 13. Bc2 c5 14. dxc5 Bxc5 15. Bc3 0-0 16. Qxd8 Rfxd8 17. Ng5 Be7 18. Nh3 Rac8 19. Bb3 Kf8 20. Rad1 Ne4 21. Ba5 Rxd1 22. Rxd1 Ke8 23. f3 Nc5 24. Bc2 Nd7 25. Bxh7 g6 26. Nf4 Nf8 27. Bg8 Rc2 28. Bc3 Bc5 29. Re1 b4 30. Bg7 Rd2 31. h4 Bd5 32. Nxd5 exd5 33. Bh6 Rxb2 34. Rd1 Rxa2 35. Rxd5 b3 36. Rxc5 b2 37. Rc8+ Kd7 38. Rb8 Ra1+ 39. Kf2 b1Q 40. Rxb1 Rxb1 41. Bxf8 Rb8 42. Bxf7 Rxf8 43. Bxg6 a5 44. Bc2 Rc8 45. Bf5+ 1-0

[Event "DEN-ch Seniors 65"]
[Site "Randers"]
[Date "2015.02.13"]
[Round "7"]
[White "Moestrup, Jorn"]
[Black "Andersen, Carl Johan"]
[Result "1-0"]
[WhiteElo "2111"]
[BlackElo "1915"]
[PlyCount "123"]
[EventDate "2015.02.07"]
[EventType "swiss"]
[EventRounds "7"]
[EventCountry "DEN"]
[SourceTitle "EXT 2016"]
[Source "ChessBase"]
[SourceDate "2015.10.08"]
[SourceVersion "1"]
[SourceVersionDate "2015.10.08"]
[SourceQuality "1"]

1. Nf3 Nf6 2. c4 c5 3. d4 cxd4 4. Nxd4 g6 5. Nc3 Bg7 6. e4 d6 7. Be2 Nc6 8. Be3 Bd7 9. 0-0 0-0 10. Rc1 Nxd4 11. Bxd4 Bc6 12. Qd3 a6 13. a4 Qa5 14. f4 Nd7 15. Bxg7 Kxg7 16. f5 Qc5+ 17. Kh1 Ne5 18. Qg3 Nxc4 19. f6+ exf6 20. Qf4 b5 21. b3 Ne3 22. Qxf6+ Kg8 23. Nd5 Nxd5 24. exd5 Qe3 25. dxc6 Qxe2 26. Qxd6 Rad8 27. Qf4 Rd2 28. Qf3 Qxf3 29. Rxf3 bxa4 30. bxa4 Rc8 31. Kg1 Rd4 32. Rb3 Rd6 33. c7 Re6 34. Rb8 Ree8 35. Rcb1 Kg7 36. R1b6 Rf8 37. R8b7 a5 38. Rb5 Kf6 39. Rxa5 Ke6 40. Rc5 Kd6 41. Rc2 Rfe8 42. a5 Re7 43. Rb6+ Kd7 44. a6 Re1+ 45. Kf2 Ra1 46. Rf6 Ke7 47. Rfc6 Kd7 48. Kg3 f5 49. Kf4 Ra4+ 50. Kf3 Ra3+ 51. Kf2 Ra4 52. g3 Ra3 53. h4 Ra4 54. R2c3 Ra2+ 55. Kf3 Ra1 56. h5 g5 57. Rh6 g4+ 58. Kf4 Rf1+ 59. Kg5 Rg8+ 60. Kf6 Rf3 61. Rxh7+ Kd6 62. c8Q 1-0

[Event "DEN-ch Seniors 65"]
[Site "Randers"]
[Date "2015.02.10"]
[Round "4"]
[White "Madsen, Svend Aage"]
[Black "Moestrup, Jorn"]
[Result "1/2-1/2"]
[WhiteElo "2086"]
[BlackElo "2111"]
[PlyCount "74"]
[EventDate "2015.02.07"]
[EventType "swiss"]
[EventRounds "7"]
[EventCountry "DEN"]
[SourceTitle "EXT 2016"]
[Source "ChessBase"]
[SourceDate "2015.10.08"]
[SourceVersion "1"]
[SourceVersionDate "2015.10.08"]
[SourceQuality "1"]

1. e4 c5 2. Nf3 d6 3. c3 Nf6 4. Qc2 Nc6 5. d4 cxd4 6. cxd4 e6 7. Nc3 Bd7 8. d5 exd5 9. exd5 Nb4 10. Qb3 Qa5 11. Bd2 Qc5 12. Rc1 Rc8 13. Be2 Nbxd5 14. Qxb7 Qb6 15. Qxb6 axb6 16. 0-0 Be7 17. Nxd5 Nxd5 18. Bc4 Nc7 19. Rfe1 Ne6 20. Ng5 Nd8 21. Bf4 Kf8 22. Ne4 b5 23. Bd5 Rxc1 24. Rxc1 f5 25. Ng5 h6 26. Nf3 g5 27. Be3 Bf6 28. Bd4 Bxd4 29. Nxd4 Rh7 30. Re1 Re7 31. Kf1 Re5 32. Rxe5 dxe5 33. Nf3 e4 34. Nd4 Ke7 35. Ke2 Kd6 36. Bg8 Ke5 37. Nc2 Nc6 1/2-1/2

[Event "Politiken Cup 30th"]
[Site "Helsingor"]
[Date "2008.07.25"]
[Round "8"]
[White "Moestrup, Jorn"]
[Black "Tandrup, Michael"]
[Result "1/2-1/2"]
[WhiteElo "2129"]
[BlackElo "1969"]
[PlyCount "47"]
[EventDate "2008.07.19"]
[EventType "swiss"]
[EventRounds "10"]
[EventCountry "DEN"]
[SourceTitle "CBM 125 Extra"]
[Source "ChessBase"]
[SourceDate "2008.09.01"]
[SourceVersion "1"]
[SourceVersionDate "2008.09.01"]
[SourceQuality "1"]

1. d4 d5 2. c4 e6 3. Nc3 Nf6 4. Bg5 Nbd7 5. e3 c6 6. Nf3 Qa5 7. Nd2 dxc4 8. Bxf6 Nxf6 9. Nxc4 Qc7 10. Rc1 Be7 11. Bd3 0-0 12. 0-0 c5 13. Nb5 Qd8 14. dxc5 Bxc5 15. Ne5 Qb6 16. Ng4 Nxg4 17. Qxg4 f5 18. Qc4 Be7 19. Nd4 Kh8 20. Rfd1 e5 21. Nb5 Bd7 22. Qc7 Bxb5 23. Qxe7 Bxd3 24. Rc7 1/2-1/2

[Event "Politiken Cup 30th"]
[Site "Helsingor"]
[Date "2008.07.24"]
[Round "7"]
[White "Gardarsson, Hordur"]
[Black "Moestrup, Jorn"]
[Result "1/2-1/2"]
[WhiteElo "1943"]
[BlackElo "2129"]
[PlyCount "34"]
[EventDate "2008.07.19"]
[EventType "swiss"]
[EventRounds "10"]
[EventCountry "DEN"]
[SourceTitle "CBM 125 Extra"]
[Source "ChessBase"]
[SourceDate "2008.09.01"]
[SourceVersion "1"]
[SourceVersionDate "2008.09.01"]
[SourceQuality "1"]

1. d4 d5 2. Nf3 Nf6 3. g3 e6 4. Bg2 Bd6 5. 0-0 Nbd7 6. c4 c6 7. Nc3 0-0 8. b3 b6 9. Bb2 Bb7 10. Qc2 Rc8 11. e4 dxe4 12. Nxe4 Nxe4 13. Qxe4 Nf6 14. Qc2 Qe7 15. Rfe1 Ba3 16. Bxa3 Qxa3 17. Ne5 Qe7 1/2-1/2

[Event "Politiken Cup 30th"]
[Site "Helsingor"]
[Date "2008.07.22"]
[Round "5"]
[White "Joensen, Jogvan Emil"]
[Black "Moestrup, Jorn"]
[Result "1/2-1/2"]
[WhiteElo "1904"]
[BlackElo "2129"]
[PlyCount "26"]
[EventDate "2008.07.19"]
[EventType "swiss"]
[EventRounds "10"]
[EventCountry "DEN"]
[SourceTitle "CBM 125 Extra"]
[Source "ChessBase"]
[SourceDate "2008.09.01"]
[SourceVersion "1"]
[SourceVersionDate "2008.09.01"]
[SourceQuality "1"]

1. d4 d5 2. Nf3 Nf6 3. Bf4 c5 4. c3 Qb6 5. g3 Nc6 6. e3 Bf5 7. Nbd2 e6 8. Ne5 cxd4 9. exd4 h6 10. Bd3 Ne4 11. Bxe4 dxe4 12. Nec4 Qd8 13. Qe2 b5 1/2-1/2

[Event "Politiken Cup 30th"]
[Site "Helsingor"]
[Date "2008.07.21"]
[Round "4"]
[White "Moestrup, Jorn"]
[Black "Vul, Arkadi Eremeevich"]
[Result "0-1"]
[WhiteElo "2129"]
[BlackElo "2332"]
[PlyCount "86"]
[EventDate "2008.07.19"]
[EventType "swiss"]
[EventRounds "10"]
[EventCountry "DEN"]
[SourceTitle "CBM 125 Extra"]
[Source "ChessBase"]
[SourceDate "2008.09.01"]
[SourceVersion "1"]
[SourceVersionDate "2008.09.01"]
[SourceQuality "1"]

1. Nf3 d5 2. d4 Nf6 3. c4 e6 4. Nc3 c6 5. e3 Nbd7 6. Bd3 dxc4 7. Bxc4 b5 8. Bd3 a6 9. 0-0 c5 10. Re1 Bb7 11. a3 Be7 12. Bc2 0-0 13. Qe2 Qb6 14. dxc5 Bxc5 15. h3 Rac8 16. Bd2 e5 17. e4 Nh5 18. Nh4 g6 19. Bh6 Rfe8 20. Bb3 Bd4 21. Nd5 Bxd5 22. Bxd5 Ndf6 23. g4 Nf4 24. Bxf4 exf4 25. Qd2 Nxd5 26. exd5 Qf6 27. Rxe8+ Rxe8 28. Rb1 Qxh4 29. Qxd4 Qxh3 30. Qxf4 Qd3 31. Rc1 Qxd5 32. Qf6 Qe5 33. Qxa6 Qf4 34. Qc6 Qxg4+ 35. Kf1 Qe2+ 36. Kg2 Qg4+ 37. Kf1 Qe2+ 38. Kg1 Re5 39. Qc8+ Kg7 40. Qc3 Kh6 41. Qh3+ Rh5 42. Qe3+ Rg5+ 43. Kh2 Qg4 0-1

[Event "Politiken Cup 30th"]
[Site "Helsingor"]
[Date "2008.07.20"]
[Round "3"]
[White "Johansen, Stian"]
[Black "Moestrup, Jorn"]
[Result "0-1"]
[WhiteElo "1905"]
[BlackElo "2129"]
[PlyCount "54"]
[EventDate "2008.07.19"]
[EventType "swiss"]
[EventRounds "10"]
[EventCountry "DEN"]
[SourceTitle "CBM 125 Extra"]
[Source "ChessBase"]
[SourceDate "2008.09.01"]
[SourceVersion "1"]
[SourceVersionDate "2008.09.01"]
[SourceQuality "1"]

1. e4 c5 2. Nf3 d6 3. d4 cxd4 4. Nxd4 Nf6 5. Nc3 a6 6. Bg5 e6 7. f4 Nbd7 8. Qf3 Qc7 9. g4 Be7 10. 0-0-0 b5 11. h4 b4 12. Nb1 Bb7 13. Bxf6 Nxf6 14. Bd3 Rc8 15. g5 Nd7 16. Rh2 Nc5 17. Rf2 d5 18. e5 g6 19. h5 Nxd3+ 20. Rxd3 Bc5 21. Rh2 Ke7 22. h6 Qb6 23. Nb3 Bg1 24. Re2 a5 25. Rdd2 a4 26. Na1 d4 27. Qd3 Rhd8 0-1

[Event "Politiken Cup 30th"]
[Site "Helsingor"]
[Date "2008.07.20"]
[Round "2"]
[White "Moestrup, Jorn"]
[Black "Hector, Jonny"]
[Result "0-1"]
[WhiteElo "2129"]
[BlackElo "2537"]
[PlyCount "58"]
[EventDate "2008.07.19"]
[EventType "swiss"]
[EventRounds "10"]
[EventCountry "DEN"]
[SourceTitle "CBM 125 Extra"]
[Source "ChessBase"]
[SourceDate "2008.09.01"]
[SourceVersion "1"]
[SourceVersionDate "2008.09.01"]
[SourceQuality "1"]

1. Nf3 Nc6 2. d4 d5 3. Bf4 Bg4 4. Nbd2 f6 5. h3 Bh5 6. c3 e5 7. dxe5 Bc5 8. Qb3 Qd7 9. e3 0-0-0 10. Bd3 Qe8 11. e6 g5 12. Bg3 Qxe6 13. 0-0-0 Nge7 14. Rde1 Qd7 15. Nd4 Ne5 16. Bc2 Bb6 17. N2f3 Bxd4 18. Nxd4 c5 19. Bxe5 fxe5 20. Nf3 e4 21. g4 Bg6 22. Nd2 Rhf8 23. Rhf1 c4 24. Qa3 Rf6 25. Ba4 Qc7 26. f3 Ra6 27. Qb4 Nc6 28. Bxc6 bxc6 29. a4 c5 0-1